| 000 | 01031cam a2200325 4500 | ||
|---|---|---|---|
| 001 | 3613168 | ||
| 003 | OSt | ||
| 005 | 20250901165745.0 | ||
| 008 | 730207s1973 mdua b 001 0 eng | ||
| 010 | _a 73001940 | ||
| 020 | _a0683078917 | ||
| 040 |
_aDLC _cDLC _dDLC |
||
| 050 | 0 | 0 |
_aRG 103 .S67 1973 _b.S67 |
| 060 | _aWP505 S749c 1973 | ||
| 082 | 0 | 0 | _a618.1 |
| 100 | 1 |
_aSperoff, Leon, _d1935- |
|
| 245 | 1 | 0 |
_aClinical gynecologic endocrinology and infertility _c[by] Leon Speroff, Robert H. Glass [and] Nathan G. Kase. |
| 260 |
_aBaltimore, _bWilliams & Wilkins Co. _c[1973] |
||
| 300 |
_aviii, 266 p. _billus. _c26 cm. |
||
| 504 | _aIncludes bibliographical references. | ||
| 650 | 0 | _aEndocrine gynecology. | |
| 650 | 0 | _aInfertility. | |
| 650 | 2 | _aEndocrine diseases. | |
| 650 | 2 | _aGynecologic diseases. | |
| 650 | 2 | _aSterility. | |
| 700 | 1 |
_aGlass, Robert H., _d1932- _ejoint author. |
|
| 700 | 1 |
_aKase, Nathan G., _d1930- _ejoint author. |
|
| 906 |
_a7 _bcbc _corignew _d1 _eocip _f19 _gy-gencatlg |
||
| 942 |
_2lcc _cBK |
||
| 999 |
_c8837 _d8837 |
||